[Event "Sachsen-Anhalt Landesliga-B 1920"]
[Site "Sachsen Anhalt"]
[Date "2019.11.17"]
[Round "3.4"]
[White "Beinroth, Marcel"]
[Black "Windolf, Mario"]
[Result "1/2-1/2"]
[WhiteElo "1889"]
[BlackElo "1806"]
[PlyCount "73"]
[EventDate "2019.09.29"]
[EventType "team-tourn"]
[EventRounds "9"]
[EventCountry "GER"]
[SourceTitle "EXT 2023"]
[Source "ChessBase"]
[SourceDate "2022.10.05"]
[SourceVersion "1"]
[SourceVersionDate "2022.10.05"]
[SourceQuality "1"]
[WhiteTeam "Granschuetz Gruen Weiss"]
[BlackTeam "Anhalt"]
[WhiteTeamCountry "GER"]
[BlackTeamCountry "GER"]

1. d4 Nf6 2. Nf3 d6 3. c4 g6 4. Nc3 Bg7 5. Bg5 h6 6. Bh4 c6 7. e3 Qb6 8. Rb1 Bf5 9. Bd3 Bxd3 10. Qxd3 Nbd7 11. 0-0 0-0 12. b4 a6 13. a4 Qc7 14. h3 Rfe8 15. Bg3 e5 16. dxe5 Nxe5 17. Nxe5 dxe5 18. Rfd1 Rad8 19. Qc2 Qe7 20. b5 Qc5 21. Qb3 axb5 22. axb5 Ra8 23. Na4 Qe7 24. Nb6 Rad8 25. f3 e4 26. f4 Nh5 27. Be1 Rd3 28. Rxd3 exd3 29. Qxd3 Qxe3+ 30. Qxe3 Rxe3 31. bxc6 bxc6 32. Rd1 Rb3 33. Rd8+ Kh7 34. Bf2 Nxf4 35. Rd7 Kg8 36. Rd8+ Kh7 37. Rd7 1/2-1/2